[Event "CFriend SI-2004-0-00039 email"]
[Site "Chessfriend.com"]
[Date "2005.10.13"]
[Round "1"]
[White "Peled, Shai"]
[Black "Hafez, Rami"]
[Result "1-0"]
[WhiteElo "1540"]
[BlackElo "1700"]
[PlyCount "35"]
[EventDate "2005.10.13"]
[EventType "tourn (corr)"]
[EventRounds "6"]
[SourceTitle "Corr 2008"]
[Source "ChessBase"]
[SourceDate "2008.06.24"]
[SourceVersion "1"]
[SourceVersionDate "2008.06.24"]
[SourceQuality "1"]

1. e4 e5 2. Nf3 d6 3. d4 exd4 4. Qxd4 Nc6 5. Bb5 Qf6 6. Qa4 Bd7 7. Nc3 h6 8. Nd5 Qd8 9. Be3 Nf6 10. 0-0-0 a6 11. Nxf6+ Qxf6 12. Nd4 Be7 13. Nxc6 Kf8 14. e5 dxe5 15. Nxe7 Bxb5 16. Qa3 Ke8 17. Nd5 Qe6 18. Nxc7# 1-0

[Event "CFriend CP-2005-P-00057"]
[Site "Chessfriend.com"]
[Date "2005.10.01"]
[Round "1"]
[White "Benovic, Pavel"]
[Black "Hafez, Rami"]
[Result "1-0"]
[WhiteElo "2133"]
[BlackElo "1700"]
[PlyCount "33"]
[EventDate "2005.??.??"]
[EventType "tourn (corr)"]
[EventRounds "3"]
[SourceTitle "Corr 2008"]
[Source "ChessBase"]
[SourceDate "2008.06.24"]
[SourceVersion "1"]
[SourceVersionDate "2008.06.24"]
[SourceQuality "1"]

1. e4 e5 2. Nf3 d6 3. d4 Nf6 4. Nc3 exd4 5. Nxd4 Bd7 6. Bc4 a6 7. 0-0 c6 8. a4 g6 9. Re1 Bg7 10. e5 Ng4 11. exd6+ Kf8 12. Re7 Bf6 13. Rxf7+ Ke8 14. Qe1+ Be7 15. Rxe7+ Kf8 16. Qe5 Nxe5 17. Bh6# 1-0

[Event "CFriend RI-2005-0-00041 email"]
[Site "Chessfriend.com"]
[Date "2005.09.30"]
[Round "1"]
[White "Carr, James T"]
[Black "Hafez, Rami"]
[Result "1-0"]
[WhiteElo "1925"]
[BlackElo "1700"]
[PlyCount "65"]
[EventDate "2005.09.30"]
[EventType "tourn (corr)"]
[EventRounds "6"]
[SourceTitle "Corr 2008"]
[Source "ChessBase"]
[SourceDate "2008.06.24"]
[SourceVersion "1"]
[SourceVersionDate "2008.06.24"]
[SourceQuality "1"]

1. d4 d5 2. c4 e6 3. Nc3 Bd7 4. cxd5 Ne7 5. dxe6 Bxe6 6. e4 c6 7. Nf3 Ng6 8. Ng5 Be7 9. Nxe6 fxe6 10. Be3 0-0 11. Qb3 Qc7 12. Qxe6+ Kh8 13. 0-0-0 Bf6 14. h4 Na6 15. h5 Rfe8 16. Qf5 Ne7 17. Qf4 Qxf4 18. Bxf4 Rad8 19. Bxa6 bxa6 20. e5 Bh4 21. Rxh4 Nf5 22. Rg4 Nxd4 23. Bg5 Rd7 24. Rgxd4 Rf7 25. Rd8 Rff8 26. Rxe8 Rxe8 27. Rd8 Rxd8 28. Bxd8 h6 29. Ne4 Kg8 30. e6 Kh7 31. e7 Kg8 32. e8Q+ Kh7 33. Nf6+ 1-0